000
00320nam a22001457a 4500
008
230703b ||||| |||| 00| 0 eng d
020
_a
9780195065039
041
_a
eng
080
_a
616.8
082
_a
616.8FIN
100
_a
14
101
_a
NEURO
245
_a
ORIGINS OF NEUROSCIENCE
_c
FINGER.S
942
_2
udc
_c
BK
999
_c
60079
_d
60079